Fragment del paravent dissenyat per Alexandre de Riquer dedicat a la princesa Sahabra

Publicat: Barcelona : Palau Güell , 2015
Descripció física: 1 punt de llibre : il·lustracions ; 20 x 7 cm
Idioma: Català

MARC

LEADER 00000nrm a22000007a 4500
001 26647
003 Arxiu
005 20260324181141.0
008 220902s2015 spa||||| |||| 00| 0 cat d
080 |a NBM-14-78 
245 |a Fragment del paravent dissenyat per Alexandre de Riquer dedicat a la princesa Sahabra 
260 |a Barcelona :   |b Palau Güell,   |c 2015 
300 |a 1 punt de llibre :  |b il·lustracions ;   |c 20 x 7 cm 
500 |a Punt de llibre elaborat pel Palau Güell 
610 2 0 |a Palau Güell (Barcelona)  |9 17034 
655 0 |a Punts de llibre   |9 52700 
710 2 |a Palau Güell (Barcelona)  |9 17034 
942 |2 udc  |c ARXIU  |n 1 
952 |0 0  |1 0  |4 0  |6 NBM1478  |7 1  |9 63726  |a Arxiu  |b Arxiu  |d 2022-09-02  |l 0  |o NBM-14-78  |p 26647  |r 2022-09-02 00:00:00  |w 2022-09-02  |y ARXIU 
999 |c 82636  |d 82636